| 000 | 00436nam a2200181Ia 4500 | ||
|---|---|---|---|
| 001 | 10070 | ||
| 005 | 20260306161804.0 | ||
| 008 | 260306t2007||||xx |||||||||||||| ||spa|| | ||
| 041 | _aESP | ||
| 082 |
_a872.3 _bP66 |
||
| 100 |
_aVelázquez, Jaime _eAUT |
||
| 245 | 0 | _aComedia de la olla; Anfitrión | |
| 260 | _c2007 | ||
| 300 |
_axxxix, 129, 15 páginas : _c19 cm. |
||
| 650 | _aGEN | ||
| 654 | _aCHU | ||
| 942 |
_cLIB _dJUS _fJUS _2ddc _n |
||
| 999 |
_c10070 _d10070 |
||